License! Global

Bibliographic Details
Format: Unknown
Language:English
Published: Cleveland : Advanstar Communications Inc.
Online Access:Acceso restringido

MARC

LEADER 00000ny a22000003n 4500
005 20110516101619.0
008 070920c 9999xx uu p 0 0eng d
022 0 |a 1936-4989 
035 |a 5143 
040 |a BUS  |d vLex 
090 |c 1917  |d 1917 
245 3 0 |a License! Global  |h [Recurso electrn̤ico] 
256 |a Servicio en ln̕ea 
260 |a Cleveland :  |b Advanstar Communications Inc. 
500 |a Trade Publication 
506 1 |a Contenido solo disponible en los productos indicados  |d vLex Global  |d vLex Global (Academic Edition, excluding Law Schools)  |d vLex Global (U.S. Academic Edition, excluding Law Schools) 
740 |a vLex Revista (Servicios en ln̕ea) 
843 |a Electrn̤ica. Abierta 
853 |8 1  |i (year)  |j (month)  |k (day) 
856 4 0 |z Acceso restringido  |u http://vlex.com/account/login_ip?fuente_id=5143 
942 |c REV 
999 0 |a Business and economics 
999 0 |a Marketing and purchasing